Estadística / (Record no. 21393)

000 -CABECERA
fixed length control field 00774nam a22002177a 4500
003 - IDENTIFICADOR DEL NÚMERO DE CONTROL
control field AR-CdUCM
008 - DATOS DE LONGITUD FIJA--INFORMACIÓN GENERAL
fixed length control field 190517b ||||| |||| 00| 0 spa d
020 ## - NÚMERO INTERNACIONAL ESTÁNDAR DEL LIBRO
ISBN 9786073243780
040 ## - FUENTE DE LA CATALOGACIÓN
Agencia/entidad que catalogó originalmente la obra MUNICIPALIDAD PROVINCIAL DEL CUSCO
Entidad que transcribió la catalogación BIBLIOTECA MUNICIPAL DEL CUSCO
082 ## - NÚMERO DE LA CLASIFICACIÓN DECIMAL DEWEY
No. de Clasificación 513/T83
Notacion interna T83
No. de la edición Decimosegunda
100 ## - ENTRADA PRINCIPAL--NOMBRE DE PERSONA
Nombre Personal Triola, Mario
245 ## - MENCIÓN DE TÍTULO
Título Estadística /
Mención de responsabilidad Mario F. Triola
260 ## - PUBLICACIÓN, DISTRIBUCIÓN, ETC.
Lugar de publicación, distribución, etc. México ;
Nombre de la editorial, distribuidor, etc. Pearson,
Fecha de publicación, distribución, etc. 2018.
300 ## - DESCRIPCIÓN FÍSICA
Nº de Páginas Extensión 784 Páginas. :
Dimensiones 21x27 cm.
505 ## - NOTA DE CONTENIDO CON FORMATO
Nota de contenido formateada Contenido: Introducción a la Estadística -- Exploración de datos con tabla y gráficas -- Distribuciones de probabilidad discreta, norma ...
650 ## - PUNTO DE ACCESO ADICIONAL DE MATERIA--TÉRMINO DE MATERIA
Descriptor Matemáticas
9 (RLIN) 9398
650 ## - PUNTO DE ACCESO ADICIONAL DE MATERIA--TÉRMINO DE MATERIA
Descriptor Estadística
9 (RLIN) 5668
650 ## - PUNTO DE ACCESO ADICIONAL DE MATERIA--TÉRMINO DE MATERIA
Descriptor Probabilidades
9 (RLIN) 16891
942 ## - ELEMENTOS DE PUNTO DE ACCESO ADICIONAL (KOHA)
Fuente de clasificación
Tipo de item Libros-BMC
945 ## - PROCESAMIENTO DE INFORMACIÓN LOCAL (OCLC)
Catalogador Roel
Holdings
Estado de retiro (separado) Fuente de clasificación o esquema de estanterías Estado dañado Ubicación Sala donde se ubica Nombre de la colección Fecha de adquisición o compra Fuente de adquisición Costo, precio normal en soles Signatura topográfica Código de Barras Última vez visto (Koha) Tipo de ítem (Koha)
No     Sala Ciencias Sala Ciencias Book Cart 2020-03-09 Compra 50.00 513/T83 SC0000002229 2020-03-09 Libros-BMC
No     Sala Ciencias Sala Ciencias Book Cart 2020-03-09 Compra 50.00 513/T83/e.2 SC0000002230 2020-03-09 Libros-BMC

Powered by Koha